000 00504nam a2200169Ia 4500
999 _c11605
_d11605
003 OSt
005 20201015124152.0
008 190216s9999||||xx |||||||||||||| ||und||
040 _coclc
082 _a824
_bARN/E
100 _aArnold, Hazlitt
_95168
245 0 _aEdumund Burke Selections With Essays /
_cHazlitt Arnold
260 _bOxford University Press,
_c1952.
_aoxford university:
300 _a190p
650 _aEnglish Essay
942 _cBK
_2ddc
_h824
_iARN/E
_k824
_mARN/E